Statistics for 100 Most Populous Cities 2050 Projection

Click here to take the quiz!

General Stats

  • This quiz has been taken 39 times
  • The average score is 56 of 100

Answer Stats

PopulationAnswer% Correct
32.6 milTokyo
100%
24.8 milNew York City
97%
35.2 milDelhi
94%
24.3 milMexico City
94%
9.8 milLondon
92%
51.4 milMumbai
89%
22.8 milSao Paulo
89%
10.2 milMoscow
89%
16.4 milLos Angeles
89%
24 milCairo
89%
14.3 milRio de Janeiro
86%
15.9 milJakarta
86%
22.3 milShanghai
86%
11.1 milParis
86%
32.6 milLagos
86%
35 milKinshasa
86%
11.6 milLima
83%
10.2 milOsaka-Kobe
83%
11.9 milChicago
83%
23.6 milBogota
81%
7.4 milPhiladelphia
81%
36.2 milDhaka
81%
16 milBeijing
81%
31.7 milKarachi
81%
13 milGuangzhou
78%
6.5 milMadrid
78%
7 milToronto
78%
6.5 milDallas-Fort Worth
78%
6.1 milHouston
78%
22.1 milBuenos Aires
75%
33 milKolkata
75%
16.3 milChennai
75%
14.2 milIstanbul
72%
9.5 milSeoul
72%
11.1 milBangkok
72%
7.5 milMiami
69%
14.3 milNairobi
69%
6.8 milSantiago
69%
5.8 milSydney
69%
9.5 milHong Kong
67%
9.8 milHanoi
67%
11 milTehran
67%
11.9 milHo Chi Minh City
67%
24.3 milManila
67%
6 milBoston
64%
5.9 milWashington DC
64%
17.5 milLahore
64%
8.7 milAlexandria
64%
13.2 milAddis Ababa
61%
10.2 milTianjin
61%
15.1 milBaghdad
58%
5.8 milXi'an
58%
16 milDar es Salaam
56%
11.2 milShenzhen
56%
14.6 milHyderabad
56%
17.1 milKabul
56%
14.3 milLuanda
56%
15.6 milBangalore
56%
8.1 milRiyadh
53%
5.9 milAccra
53%
6.2 milAtlanta
50%
7.2 milBelo Horizonte
50%
8.5 milDakar
47%
12.4 milAhmedabad
47%
10.1 milSana'a
47%
16 milKhartoum
47%
10.3 milWuhan
47%
10.9 milPune
47%
5.8 milGuadalajara
44%
6.9 milAbuja
44%
9.1 milChongqing
44%
9.4 milKampala
44%
8.4 milYangon
42%
12.2 milChittagong
39%
5.8 milChengdu
39%
10.7 milAbidjan
36%
10.4 milKano
36%
6.6 milMogadishu
36%
7.3 milAntananarivo
31%
6.9 milJaipur
28%
9.2 milSurat
25%
8.8 milIbadan
25%
7.1 milFaisalabad
25%
6.8 milNiamey
25%
6.3 milLucknow
25%
7.6 milBamako
25%
5.8 milNagpur
22%
6.8 milShenyang
22%
7.4 milKanpur
19%
6.5 milGiza
17%
6.9 milOuagadougou
14%
6.1 milConakry
14%
6.2 milLubumbashi
11%
6 milMbuji-Mayi
11%
5.9 milAleppo
11%
6.8 milDongguan
11%
5.7 milGuadalupe
8%
6.2 milZapopan
3%
6.2 milTlaquepaque
3%
6.2 milTonala
3%

Score Distribution

Percentile by Number Answered

Percent of People with Each Score

Your Score History

You have not taken this quiz